=LDR 00000nam 2200000 4500 =001 000221 =005 20250710113808 =035 ##$$a 0010-0725000033 =245 1#$$a Buang Ke Sini /$c Komar Rien Komar Cheh =100 #$$a Komar Cheh, Komar Rien =250 ##$$a Cetakan Pertama =300 ##$$a 20 hlm. : $b ilus. ; $c 21,5 cm =260 ##$$a Jakarta :$b Badan Pengembangan dan Pembinaan Bahasa,$c 2022 =082 ##$$a 398.209 598 =084 ##$$a 398.209 598 KOM b =020 ##$$a 978-623-307-528-2